000 00852nas a2200277 4500
001 BR0101871
003 BR-BrBNA
005 20231205102218.0
007 ta
008 230509b bl.|||p| |||| 00| 00por d
040 _aBR-BrBNA
_bpor
_cBiblioteca Nacional de Agricultura
041 _a(Pt)
072 _aQ03
100 1 _aOliveira, D.D.
100 1 _aSilva, E.N.
245 1 _aSalmonela em ovos comerciais: ocorrencia, condicoes de armazenamento e desinfeccao da casca
650 _aOvo
650 _aSalmonelose
650 _aDesinfeccao
650 _aCasca
650 _aArmazenamento
650 _aContaminacao Bacteriana
773 0 _tArquivo Brasileiro de Medicina Veterinaria e Zootecnia (Brazil)
_xISSN 0102-0935
_g(Dec 2000), v. 52(6) p. 655-661
_wBR0101871
909 _a202311
_bLúcia
_c55
_dLúcia Elande
942 _2AGRIS
_n0
_cANA
999 _c166328
_d166328